[Event "Junior Online 4NCL Division 5"]
[Site "online"]
[Date "2021.03.18"]
[EventDate "2021.03.18"]
[Round "5.47"]
[White "Challoner, Ethan"]
[WhiteElo "1300"]
[WhiteTeam "Young Dragons B"]
[Black "Chung, Vince"]
[BlackElo "1202"]
[BlackTeam "Colchester Juniors C"]
[Result "1-0"]
[PlyCount "95"]

1. d4 d5 2. Bf4 Nc6 3. e3 Nf6 4. Nc3 e6 5. Nf3 a6 6. Bd3 Be7 7. O-O O-O 8. Ne2 b5 9. c3 Bd7 10. b4 Bd6 11. a3 Qe7 12. Ne5 a5 13. Qc2 a4 14. Bxb5 Nxe5 15. dxe5 Bxb5 16. exd6 cxd6 17. Rfe1 e5 18. Bg3 e4 19. Nd4 Bd3 20. Qd2 Ng4 21. f3 Ne5 22. fxe4 dxe4 23. Bxe5 dxe5 24. Ne2 Rad8 25. Qb2 Bc4 26. b5 Rd7 27. Qb4 Qf6 28. Qxc4 Rfd8 29. Rf1 Qb6 30. Rf2 Qxe3 31. Rf1 Rf8 32. Kh1 Qa7 33. Qxe4 Rfd8 34. Qxe5 Qxf2 35. Rxf2 Rd1+ 36. Ng1 R1d7 37. b6 h6 38. Qb5 Rd1 39. b7 Ra1 40. b8=Q Rxb8 41. Qxb8+ Kh7 42. Rxf7 Kg6 43. Qf4 Kh5 44. g4+ Kh4 45. g5+ Kh5 46. Rxg7 Rxg1+ 47. Kxg1 hxg5 48. Qxg5# 1-0

[Event "Junior Online 4NCL Division 5"]
[Site "online"]
[Date "2021.03.18"]
[EventDate "2021.03.18"]
[Round "5.48"]
[White "He, Kingsley"]
[WhiteElo "834"]
[WhiteTeam "Colchester Juniors C"]
[Black "Caesar, Isabella"]
[BlackElo "1255"]
[BlackTeam "Young Dragons B"]
[Result "0-1"]
[PlyCount "20"]

1. e4 e5 2. Nf3 Nc6 3. Bc4 Nf6 4. Ng5 d5 5. exd5 Nd4 6. d6 Qxd6 7. Nxf7 Qc6 8. Nxh8 Qxg2 9. Bf7+ Ke7 10. Rf1 Qe4+ 0-1

[Event "Junior Online 4NCL Division 5"]
[Site "online"]
[Date "2021.03.18"]
[EventDate "2021.03.18"]
[Round "5.51"]
[White "Marenduzzo, Ollie"]
[WhiteElo "968"]
[WhiteTeam "Lenzie Dementors"]
[Black "Reeves, Hollyann"]
[BlackElo "1581"]
[BlackTeam "Wolfpack Juniors"]
[Result "1-0"]
[PlyCount "33"]

1. e4 e5 2. d4 exd4 3. Nf3 c5 4. c3 Nc6 5. cxd4 cxd4 6. Nxd4 Bb4+ 7. Nc3 Nf6 8. Nxc6 bxc6 9. e5 Nd5 10. Bd2 Nxc3 11. Bxc3 Bxc3+ 12. bxc3 O-O 13. Bd3 Qa5 14. O-O Qxe5 15. Qf3 Qxc3 16. Bxh7+ Kxh7 17. Qxc3 1-0

[Event "Junior Online 4NCL Division 5"]
[Site "online"]
[Date "2021.03.18"]
[EventDate "2021.03.18"]
[Round "5.52"]
[White "Jayaprakash, Arnav"]
[WhiteElo "1487"]
[WhiteTeam "Wolfpack Juniors"]
[Black "Lynn, Angelo"]
[BlackElo "900"]
[BlackTeam "Lenzie Dementors"]
[Result "1/2-1/2"]
[PlyCount "137"]

1. e4 c6 2. Nc3 d5 3. exd5 cxd5 4. d4 Nf6 5. Nf3 Bg4 6. h3 Bh5 7. Be2 e6 8. Bg5 Be7 9. O-O Nc6 10. Qd2 h6 11. Bh4 Qd7 12. Ne5 Nxe5 13. dxe5 Bxe2 14. Qxe2 Nh7 15. Bxe7 Qxe7 16. Nb5 O-O 17. f4 Rfc8 18. Rac1 Nf8 19. f5 Qc5+ 20. Kh1 a6 21. Nd6 Rc7 22. f6 g6 23. Rf3 Qb4 24. Rb3 Qf4 25. Rf1 Rxc2 26. Qxc2 Qxf1+ 27. Kh2 Qf4+ 28. Kg1 Qxe5 29. Nxb7 Qxf6 30. Rf3 Qd4+ 31. Qf2 Qxf2+ 32. Rxf2 Rb8 33. Nd6 f5 34. Rc2 Nd7 35. Rc7 Ne5 36. Rc2 Nd3 37. b3 Nb4 38. Re2 a5 39. Rxe6 Nxa2 40. Rxg6+ Kh7 41. Rf6 Rb6 42. Ne8 Rxf6 43. Nxf6+ Kg7 44. Nxd5 Nc1 45. b4 a4 46. Nc3 a3 47. b5 Nb3 48. Kf2 Kf6 49. Ke2 Ke6 50. Kd3 Kd6 51. Kc4 Na5+ 52. Kb4 Nb7 53. Kxa3 Kc5 54. Ka4 h5 55. Ne2 Nd6 56. Ng3 h4 57. Ne2 Nxb5 58. Nf4 Nd4 59. Ng6 Ne6 60. Nxh4 Nf4 61. g3 Nxh3 62. Nxf5 Ng5 63. g4 Kd5 64. Kb4 Ke4 65. Nh6 Kf4 66. Kc5 Ne4+ 67. Kd5 Nf6+ 68. Ke6 Nxg4 69. Nxg4 1/2-1/2

[Event "Junior Online 4NCL Division 5"]
[Site "online"]
[Date "2021.03.18"]
[EventDate "2021.03.18"]
[Round "5.53"]
[White "Srivastava, Aarav"]
[WhiteElo "900"]
[WhiteTeam "Lenzie Dementors"]
[Black "Marsden, Rupert"]
[BlackElo "1465"]
[BlackTeam "Wolfpack Juniors"]
[Result "0-1"]
[PlyCount "96"]

1. e4 e5 2. Nf3 Nf6 3. Bc4 Nc6 4. Ng5 d5 5. exd5 Na5 6. c3 Nxc4 7. Qa4+ Nd7 8. Nxf7 Kxf7 9. Qxc4 Nb6 10. Qb3 Qxd5 11. Qc2 Qxg2 12. Rf1 Be6 13. d3 Be7 14. Be3 Bf6 15. Nd2 Rhf8 16. c4 Rad8 17. O-O-O Qc6 18. f4 exf4 19. Rxf4 Kg8 20. Rg1 Qa4 21. b3 Qd7 22. d4 h6 23. Qg6 Bg5 24. Rxf8+ Rxf8 25. Bxg5 hxg5 26. Qxg5 Rf5 27. Qh4 Qf7 28. d5 Bd7 29. Qd8+ Qe8 30. Qxc7 Qc8 31. Qg3 Rf7 32. Ne4 Qf8 33. Nd2 Rf6 34. h4 Rf7 35. h5 Rf6 36. Qg5 Rf5 37. Qg6 Rf6 38. Qg2 Rf2 39. Qh1 Qf4 40. Rd1 Bg4 41. Qe1 Bxd1 42. Kxd1 Qf7 43. Ne4 Rf1 44. Nf2 Rxe1+ 45. Kxe1 Qe7+ 46. Kf1 Qf6 47. Kg2 Nd7 48. Kh3 Qxf2 0-1

[Event "Junior Online 4NCL Division 5"]
[Site "online"]
[Date "2021.03.18"]
[EventDate "2021.03.18"]
[Round "5.54"]
[White "Harris, Callum"]
[WhiteElo "1383"]
[WhiteTeam "Wolfpack Juniors"]
[Black "Banerjee, Supratit"]
[BlackElo "623"]
[BlackTeam "Lenzie Dementors"]
[Result "1-0"]
[PlyCount "51"]

1. e4 e5 2. Nf3 Nc6 3. Bc4 h6 4. d3 Nf6 5. Be3 Be7 6. Nbd2 d6 7. h3 Bd7 8. O-O O-O 9. Nh2 Nd4 10. c3 Nb5 11. a4 d5 12. Bxb5 Bxb5 13. axb5 d4 14. cxd4 exd4 15. Bf4 Rc8 16. Rxa7 b6 17. Ndf3 Nh5 18. Bd2 Bd6 19. Ng4 Nf4 20. e5 Nxd3 21. exd6 cxd6 22. Bxh6 Nxb2 23. Qb1 Nc4 24. Bg5 f6 25. Qg6 fxg5 26. Qxg7# 1-0

[Event "Junior Online 4NCL Division 5"]
[Site "online"]
[Date "2021.03.18"]
[EventDate "2021.03.18"]
[Round "5.55"]
[White "Reeves, Hollyann"]
[WhiteElo "1581"]
[WhiteTeam "Wolfpack Juniors"]
[Black "Marenduzzo, Ollie"]
[BlackElo "968"]
[BlackTeam "Lenzie Dementors"]
[Result "0-1"]
[PlyCount "98"]

1. e4 d5 2. exd5 Nf6 3. Nc3 Nxd5 4. Nxd5 Qxd5 5. d4 Nc6 6. Nf3 Bg4 7. c4 Qe4+ 8. Be3 O-O-O 9. Bd3 Qe6 10. d5 Qd7 11. dxc6 Qxd3 12. cxb7+ Kxb7 13. Qb3+ Qxb3 14. axb3 a6 15. Ne5 Be6 16. O-O f6 17. Nf3 Bg4 18. Nd4 e5 19. Nc2 Bf5 20. Rfc1 Bd6 21. b4 Bxc2 22. Rxc2 Bxb4 23. c5 c6 24. h3 Rd5 25. Ra4 a5 26. Ra1 Rhd8 27. Rcc1 Ka6 28. Rc4 Rd1+ 29. Rxd1 Rxd1+ 30. Kh2 Rd5 31. Kg3 Kb5 32. Rh4 h6 33. Rg4 g5 34. h4 Bxc5 35. hxg5 hxg5 36. Kh2 Bxe3 37. fxe3 Rd2 38. Rg3 Rxb2 39. Rf3 Rb3 40. Rxf6 Rxe3 41. Rf5 g4 42. Rg5 Re4 43. g3 a4 44. Rg8 Re2+ 45. Kg1 a3 46. Kf1 Rc2 47. Rb8+ Kc4 48. Ra8 a2 49. Rc8 a1=Q# 0-1

[Event "Junior Online 4NCL Division 5"]
[Site "online"]
[Date "2021.03.18"]
[EventDate "2021.03.18"]
[Round "5.56"]
[White "Lynn, Angelo"]
[WhiteElo "900"]
[WhiteTeam "Lenzie Dementors"]
[Black "Jayaprakash, Arnav"]
[BlackElo "1487"]
[BlackTeam "Wolfpack Juniors"]
[Result "1-0"]
[PlyCount "109"]

1. e4 e6 2. Nf3 d5 3. exd5 exd5 4. d4 Nc6 5. Bb5 Bd7 6. O-O Nf6 7. Bg5 Be7 8. Nc3 O-O 9. Bxf6 Bxf6 10. Nxd5 Bg4 11. Nxf6+ Qxf6 12. Bxc6 Qxc6 13. Qd3 Bxf3 14. gxf3 Rad8 15. c3 Rd6 16. Qe4 Rg6+ 17. Kh1 Qd6 18. Rg1 Rh6 19. Rg2 c6 20. Rag1 Rg6 21. Qe5 Qxe5 22. dxe5 Re8 23. f4 Kf8 24. Rg3 b5 25. Rd3 Rh6 26. Rd7 Re7 27. Rgd1 g6 28. Rd8+ Kg7 29. R1d7 Rxd7 30. Rxd7 Rh4 31. e6 Rxf4 32. Kg2 Rf6 33. e7 Re6 34. Rxa7 Kf6 35. Rc7 Rxe7 36. Rxc6+ Re6 37. Rxe6+ Kxe6 38. Kf3 Kd5 39. b3 Kc5 40. Ke4 f6 41. Kd3 b4 42. cxb4+ Kxb4 43. Kd4 f5 44. Ke5 Kc5 45. a3 Kb5 46. b4 Kc4 47. Kf6 Kd3 48. b5 Kc4 49. b6 Kc5 50. b7 Kc6 51. b8=Q Kd5 52. Qh8 Ke4 53. Qxh7 Kf3 54. Qxg6 Kxf2 55. Qxf5+ 1-0

[Event "Junior Online 4NCL Division 5"]
[Site "online"]
[Date "2021.03.18"]
[EventDate "2021.03.18"]
[Round "5.57"]
[White "Marsden, Rupert"]
[WhiteElo "1465"]
[WhiteTeam "Wolfpack Juniors"]
[Black "Srivastava, Aarav"]
[BlackElo "900"]
[BlackTeam "Lenzie Dementors"]
[Result "1-0"]
[PlyCount "37"]

1. e4 c5 2. Nf3 Nc6 3. d4 cxd4 4. Nxd4 Qb6 5. Nxc6 Qxc6 6. Nc3 e5 7. Bb5 Qb6 8. Nd5 Qd6 9. Qd3 a6 10. Bc4 Ne7 11. Bg5 f6 12. Nxf6+ Qxf6 13. Bxf6 gxf6 14. Qb3 Nc6 15. O-O-O Bh6+ 16. Kb1 Nd4 17. Qh3 Bg5 18. Qh5+ Kd8 19. h4 1-0

[Event "Junior Online 4NCL Division 5"]
[Site "online"]
[Date "2021.03.18"]
[EventDate "2021.03.18"]
[Round "5.58"]
[White "Banerjee, Supratit"]
[WhiteElo "623"]
[WhiteTeam "Lenzie Dementors"]
[Black "Harris, Callum"]
[BlackElo "1383"]
[BlackTeam "Wolfpack Juniors"]
[Result "1-0"]
[PlyCount "41"]

1. e4 e5 2. Bc4 Nc6 3. Nf3 Bc5 4. d3 d6 5. h3 Nf6 6. Nc3 h6 7. O-O O-O 8. Be3 Bb6 9. d4 exd4 10. Nxd4 Nxd4 11. Bxd4 Bxd4 12. Qxd4 Be6 13. Nd5 Nxd5 14. exd5 Bf5 15. Bd3 Qg5 16. Bxf5 Qxf5 17. Rfe1 Qxc2 18. Rac1 Qa4 19. Qxa4 f5 20. Rxc7 b6 21. Qd7 1-0

[Event "Junior Online 4NCL Division 5"]
[Site "online"]
[Date "2021.03.18"]
[EventDate "2021.03.18"]
[Round "5.61"]
[White "McAndrew, Max"]
[WhiteElo "1113"]
[WhiteTeam "Ojays G"]
[Black "Longia-Zaidi, Ismail"]
[BlackElo "1608"]
[BlackTeam "Desert Penguins Saturn"]
[Result "0-1"]
[PlyCount "144"]

1. e4 c5 2. Nf3 d6 3. Nc3 e6 4. g3 Ne7 5. d3 Nbc6 6. Be3 a6 7. d4 cxd4 8. Nxd4 b5 9. Nxc6 Nxc6 10. Bg2 Bb7 11. O-O Be7 12. Qg4 O-O 13. Bh6 Bf6 14. e5 Bxe5 15. f4 Bf6 16. Ne4 Bxb2 17. Rab1 Bd4+ 18. Kh1 Kh8 19. c3 Bxc3 20. Bg5 f5 21. Bxd8 fxg4 22. Nxd6 Nxd8 23. Nxb7 Nxb7 24. Bxb7 Ra7 25. Be4 g6 26. Bc2 Rd7 27. Bd1 Rd2 28. Bxg4 Re8 29. Rbc1 Bb4 30. Rc6 Rxa2 31. Bxe6 Rd8 32. Rb1 Ra4 33. Bb3 Ra3 34. Be6 Rd2 35. Rcc1 Ra4 36. Rc7 Rd8 37. Kg2 Bf8 38. Re1 b4 39. Rd7 Rxd7 40. Bxd7 Ra2+ 41. Kh1 a5 42. Re8 Kg7 43. Be6 Ra1+ 44. Kg2 Re1 45. Kf2 Ra1 46. g4 a4 47. g5 b3 48. Ra8 b2 49. Ra7+ Kh8 50. Ra8 Kg7 51. Ra7+ Kh8 52. Ra8 Rf1+ 53. Kg2 Rxf4 54. Rb8 a3 55. Ba2 Rf5 56. Ra8 Rf4 57. Rxa3 Bxa3 58. Bb1 Rc4 59. Ba2 Rc1 60. h4 b1=Q 61. Bxb1 Rxb1 62. h5 gxh5 63. g6 hxg6 64. Kh3 Kg7 65. Kg3 Kf6 66. Kf4 Rb4+ 67. Ke3 h4 68. Kd3 h3 69. Kc3 h2 70. Kd3 h1=Q 71. Kc3 Qh3+ 72. Kd2 Rb2+ 0-1

[Event "Junior Online 4NCL Division 5"]
[Site "online"]
[Date "2021.03.18"]
[EventDate "2021.03.18"]
[Round "5.62"]
[White "Dane, Antony"]
[WhiteElo "1382"]
[WhiteTeam "Desert Penguins Saturn"]
[Black "Genc, Guven"]
[BlackElo "1167"]
[BlackTeam "Ojays G"]
[Result "0-1"]
[PlyCount "74"]

1. d4 Nf6 2. c4 g6 3. Nc3 d5 4. Nf3 Bg7 5. Bg5 Ne4 6. Nxd5 Nxg5 7. Nxg5 e6 8. Nxc7+ Qxc7 9. e3 Qa5+ 10. Qd2 Qxg5 11. c5 Nc6 12. Rb1 a5 13. a3 Nxd4 14. exd4 Qxd2+ 15. Kxd2 Bxd4 16. Bb5+ Bd7 17. Bxd7+ Kxd7 18. Ke2 Bxc5 19. Rhd1+ Ke7 20. Rbc1 Rac8 21. Rc2 Bxf2 22. Rxc8 Rxc8 23. Kxf2 Rc2+ 24. Kg3 Rxb2 25. Rc1 Rb3+ 26. Kf2 Rxa3 27. Rc7+ Kf6 28. Rxb7 a4 29. Ra7 Ra2+ 30. Kf3 a3 31. Ra5 Ra1 32. Kf2 a2 33. Ra4 Kf5 34. h3 h5 35. Ke3 Re1+ 36. Kf2 a1=Q 37. Rxa1 Rxa1 0-1

[Event "Junior Online 4NCL Division 5"]
[Site "online"]
[Date "2021.03.18"]
[EventDate "2021.03.18"]
[Round "5.63"]
[White "Gascoyne, Thomas"]
[WhiteElo "1160"]
[WhiteTeam "Ojays G"]
[Black "Bharat Kumar, Balahari"]
[BlackElo "1217"]
[BlackTeam "Desert Penguins Saturn"]
[Result "1-0"]
[PlyCount "157"]

1. c4 e5 2. Nc3 Nf6 3. e4 Bc5 4. d3 c6 5. Bg5 h6 6. Bxf6 Qxf6 7. Nf3 O-O 8. Be2 Na6 9. O-O Nc7 10. Qd2 Qe6 11. d4 exd4 12. Nxd4 Qe5 13. Nf3 Qe7 14. e5 d6 15. exd6 Bxd6 16. Ne4 Bxh2+ 17. Nxh2 Qxe4 18. Bd3 Rd8 19. Rfd1 Qe7 20. Bh7+ Kxh7 21. Qxd8 Qxd8 22. Rxd8 Ne6 23. Re8 g6 24. Re1 Kg7 25. g3 b6 26. f4 Bb7 27. Rxa8 Bxa8 28. Rd1 Nc5 29. b4 Na6 30. a3 c5 31. b5 Nc7 32. Rd7 Ne6 33. Re7 Be4 34. Ng4 h5 35. Ne5 Nd8 36. Kf2 Bf5 37. Kf3 Kf6 38. Rc7 Ke6 39. Rc6+ Nxc6 40. Nxc6 Kd7 41. Ne5+ Ke7 42. Nc6+ Kd6 43. Ne5 Be6 44. a4 Ke7 45. Nc6+ Kd6 46. Ne5 Kc7 47. Ke3 Kd8 48. Nc6+ Ke8 49. Ne5 Kf8 50. Ke4 Kg7 51. Kd3 Bf5+ 52. Kc3 Be4 53. Nc6 Kf6 54. Nxa7 Ke7 55. Nc8+ Kd7 56. Nxb6+ Kc7 57. a5 f6 58. Nd5+ Bxd5 59. cxd5 g5 60. fxg5 fxg5 61. b6+ Kc8 62. a6 h4 63. d6 h3 64. d7+ Kxd7 65. b7 h2 66. b8=Q h1=Q 67. Qb7+ Qxb7 68. axb7 Kc7 69. Kc4 Kxb7 70. Kxc5 Kc7 71. Kd5 Kd7 72. Ke5 Ke7 73. Kf5 Kf7 74. Kxg5 Kg7 75. g4 Kf7 76. Kh6 Kg8 77. Kg6 Kf8 78. Kh7 Kf7 79. g5 1-0

[Event "Junior Online 4NCL Division 5"]
[Site "online"]
[Date "2021.03.18"]
[EventDate "2021.03.18"]
[Round "5.64"]
[White "Mo, Alex"]
[WhiteElo "1285"]
[WhiteTeam "Desert Penguins Saturn"]
[Black "Bhogathi, Abhiram"]
[BlackElo "1127"]
[BlackTeam "Ojays G"]
[Result "1-0"]
[PlyCount "89"]

1. d4 d5 2. c4 e6 3. Nc3 Nf6 4. Nf3 Bb4 5. Bg5 Bxc3+ 6. bxc3 h6 7. Bh4 g5 8. Bg3 h5 9. e3 g4 10. Ne5 h4 11. Bf4 Nc6 12. Nxc6 bxc6 13. c5 Ne4 14. Qc2 g3 15. hxg3 Qf6 16. g4 O-O 17. Bd3 Qg6 18. f3 Kg7 19. fxe4 Qxg4 20. exd5 cxd5 21. Be5+ f6 22. Bxc7 Rh8 23. Qe2 Qg5 24. Bf4 Qh5 25. Qxh5 Rxh5 26. O-O-O e5 27. dxe5 fxe5 28. Bh2 Bg4 29. Rdf1 e4 30. Bc2 Rc8 31. Rf4 Be2 32. Bd1 Bd3 33. Bxh5 Rxc5 34. Kd2 Bc4 35. Rf7+ Kh6 36. Rf5 Bxa2 37. Bf4+ Kh7 38. Rxh4 d4 39. Rxc5 dxe3+ 40. Kxe3 Bd5 41. Rxd5 a5 42. Rd7+ Kh8 43. Be5+ Kg8 44. Bf7+ Kf8 45. Rh8# 1-0

[Event "Junior Online 4NCL Division 5"]
[Site "online"]
[Date "2021.03.18"]
[EventDate "2021.03.18"]
[Round "5.65"]
[White "Longia-Zaidi, Ismail"]
[WhiteElo "1608"]
[WhiteTeam "Desert Penguins Saturn"]
[Black "McAndrew, Max"]
[BlackElo "1113"]
[BlackTeam "Ojays G"]
[Result "1/2-1/2"]
[PlyCount "45"]

1. d4 Nf6 2. c4 e6 3. Nf3 b6 4. a3 Bb7 5. Nc3 d5 6. Bf4 Bd6 7. Bg5 Be7 8. Bf4 Bd6 9. Bxd6 cxd6 10. cxd5 Nxd5 11. Nxd5 Bxd5 12. e3 a6 13. Bd3 Nc6 14. e4 Nxd4 15. exd5 Nxf3+ 16. Qxf3 e5 17. O-O O-O 18. Bf5 Qf6 19. Qh3 g6 20. Be4 Rac8 21. Qf3 Qh4 22. Qg3 Qxe4 23. Qf3 1/2-1/2

[Event "Junior Online 4NCL Division 5"]
[Site "online"]
[Date "2021.03.18"]
[EventDate "2021.03.18"]
[Round "5.66"]
[White "Genc, Guven"]
[WhiteElo "1167"]
[WhiteTeam "Ojays G"]
[Black "Dane, Antony"]
[BlackElo "1382"]
[BlackTeam "Desert Penguins Saturn"]
[Result "0-1"]
[PlyCount "114"]

1. e4 c5 2. Nf3 d6 3. d4 cxd4 4. Nxd4 Nf6 5. Nc3 a6 6. Bc4 e6 7. Be3 Be7 8. Qd2 b5 9. Bb3 Bb7 10. f3 O-O 11. O-O-O Qc7 12. h4 Nbd7 13. h5 Nb6 14. g4 Nfd7 15. g5 Nc4 16. Bxc4 Qxc4 17. b3 Qc7 18. g6 Ne5 19. gxh7+ Kxh7 20. Rhg1 Rfd8 21. Rg2 Bf8 22. Rdg1 Rac8 23. Nce2 d5 24. Bf4 dxe4 25. Bxe5 Qxe5 26. f4 Qc7 27. Rg3 e5 28. fxe5 Qxe5 29. Rg5 Qf6 30. Qe3 Bc5 31. Rxg7+ Qxg7 32. Rxg7+ Kxg7 33. Qg5+ Kh7 34. Nf5 Ba3+ 35. Kb1 Rd1+ 36. Nc1 Rxc1+ 37. Qxc1 Bxc1 38. Kxc1 Rd8 39. a4 bxa4 40. bxa4 Rd5 41. Ne3 Rxh5 42. c4 Rh3 43. Kd2 Kg6 44. Ng2 Kf5 45. a5 Rh2 46. Ke1 Rxg2 47. c5 Rc2 48. c6 Rxc6 49. Ke2 Rc3 50. Kf1 Kf4 51. Kf2 Rc2+ 52. Ke1 Kf3 53. Kd1 Rh2 54. Ke1 Rg2 55. Kf1 Ra2 56. Ke1 Rh2 57. Kf1 Rh1# 0-1

[Event "Junior Online 4NCL Division 5"]
[Site "online"]
[Date "2021.03.18"]
[EventDate "2021.03.18"]
[Round "5.67"]
[White "Bharat Kumar, Balahari"]
[WhiteElo "1217"]
[WhiteTeam "Desert Penguins Saturn"]
[Black "Gascoyne, Thomas"]
[BlackElo "1160"]
[BlackTeam "Ojays G"]
[Result "1-0"]
[PlyCount "43"]

1. d4 d5 2. c4 dxc4 3. e3 e5 4. Bxc4 exd4 5. exd4 Bb4+ 6. Nc3 Nf6 7. Nf3 O-O 8. O-O Bg4 9. a3 Bd6 10. Qb3 Bxf3 11. gxf3 Nh5 12. Ne4 Qh4 13. Nxd6 cxd6 14. Qxb7 Nd7 15. Qxd7 Rac8 16. Ba2 Qxd4 17. Bxf7+ Rxf7 18. Qxc8+ Rf8 19. Qe6+ Kh8 20. Qg4 Qxg4+ 21. fxg4 Nf6 22. h3 1-0

[Event "Junior Online 4NCL Division 5"]
[Site "online"]
[Date "2021.03.18"]
[EventDate "2021.03.18"]
[Round "5.68"]
[White "Bhogathi, Abhiram"]
[WhiteElo "1127"]
[WhiteTeam "Ojays G"]
[Black "Mo, Alex"]
[BlackElo "1285"]
[BlackTeam "Desert Penguins Saturn"]
[Result "0-1"]
[PlyCount "34"]

1. e4 c5 2. Nf3 d6 3. Nc3 Nf6 4. Bc4 e6 5. d3 a6 6. Bg5 b5 7. Bxf6 Qxf6 8. e5 dxe5 9. Bxb5+ axb5 10. Nxb5 Qe7 11. Nxe5 Bb7 12. O-O Nc6 13. Re1 Nxe5 14. Rxe5 Qd7 15. c4 Bd6 16. Re2 Qc6 17. a4 Qxg2# 0-1

[Event "Junior Online 4NCL Division 5"]
[Site "online"]
[Date "2021.03.18"]
[EventDate "2021.03.18"]
[Round "5.71"]
[White "Gupta, Aarav G"]
[WhiteElo "1310"]
[WhiteTeam "KCJS 3"]
[Black "Tengayev, Arman"]
[BlackElo "1405"]
[BlackTeam "Desert Penguins Jupiter"]
[Result "1/2-1/2"]
[PlyCount "81"]

1. e4 c5 2. Nf3 d6 3. d3 e6 4. Nc3 Nf6 5. Bg5 Be7 6. Be2 O-O 7. O-O Nc6 8. Bd2 Bd7 9. a3 a5 10. Rb1 Qc7 11. Nb5 Qb6 12. a4 Nb4 13. c3 Na6 14. c4 Nc7 15. Nc3 Rfd8 16. Bg5 Na6 17. Re1 h6 18. Bxf6 Bxf6 19. Qc2 Nb4 20. Qd1 Qc7 21. h3 Bc6 22. Rf1 d5 23. cxd5 exd5 24. exd5 Nxd5 25. Qe1 Nb4 26. Qd1 Nd5 27. Rc1 Nb4 28. Rb1 Rd6 29. Rc1 Rad8 30. Nb5 Bxb5 31. axb5 Nxd3 32. Bxd3 Rxd3 33. Qc2 b6 34. Rfe1 R3d7 35. Rf1 Rd5 36. Rfe1 Qd7 37. Qe2 Qd6 38. Rf1 Qd7 39. Rfe1 Qc7 40. Rf1 Qd7 41. Rfe1 1/2-1/2

[Event "Junior Online 4NCL Division 5"]
[Site "online"]
[Date "2021.03.18"]
[EventDate "2021.03.18"]
[Round "5.72"]
[White "Quillaud, Maxime"]
[WhiteElo "1308"]
[WhiteTeam "Desert Penguins Jupiter"]
[Black "Buanne, Giulio"]
[BlackElo "1351"]
[BlackTeam "KCJS 3"]
[Result "1-0"]
[PlyCount "69"]

1. d4 d5 2. c4 e6 3. Bf4 Nf6 4. e3 Be7 5. Nc3 O-O 6. Nf3 b6 7. Bd3 c5 8. O-O Nc6 9. Nb5 Ba6 10. Nc7 Rb8 11. Nxa6 Qc8 12. Nxb8 Nxb8 13. Bxb8 Qxb8 14. Ne5 Bd6 15. f4 Bxe5 16. fxe5 Ne4 17. Qg4 Qd8 18. Bxe4 dxe4 19. Qxe4 Qg5 20. Rf3 f5 21. Qf4 Qxf4 22. Rxf4 a5 23. Raf1 g5 24. R4f2 cxd4 25. exd4 f4 26. g3 Rc8 27. b3 a4 28. gxf4 axb3 29. axb3 gxf4 30. Rg2+ Kf7 31. Rxf4+ Ke7 32. Rg7+ Ke8 33. Rg8+ Kd7 34. Rxc8 Kxc8 35. Rf7 1-0

[Event "Junior Online 4NCL Division 5"]
[Site "online"]
[Date "2021.03.18"]
[EventDate "2021.03.18"]
[Round "5.73"]
[White "Ali, Shahyan"]
[WhiteElo "1335"]
[WhiteTeam "KCJS 3"]
[Black "Dane, James"]
[BlackElo "1232"]
[BlackTeam "Desert Penguins Jupiter"]
[Result "1-0"]
[PlyCount "141"]

1. e4 c5 2. Nf3 d6 3. Bc4 Nc6 4. d3 Nf6 5. Bg5 e6 6. Nc3 Be7 7. h3 O-O 8. Qe2 b6 9. Bb5 Bb7 10. O-O a6 11. Bxc6 Bxc6 12. d4 cxd4 13. Nxd4 Bb7 14. e5 dxe5 15. Qxe5 Bc5 16. Nf3 Bxf3 17. gxf3 Be7 18. Rfd1 Qc8 19. a3 Qc6 20. Bxf6 Bxf6 21. Qe4 Qc7 22. Rd3 Rac8 23. Rc1 Rfd8 24. Rcd1 h6 25. Kg2 b5 26. Rxd8+ Rxd8 27. Rxd8+ Qxd8 28. Qd3 Qxd3 29. cxd3 Kf8 30. f4 Ke7 31. Kf3 Kd7 32. Ke4 Kc6 33. d4 Bh4 34. Nd1 Bf6 35. f3 Kd6 36. Nc3 Bh4 37. b4 f6 38. d5 g5 39. fxg5 hxg5 40. dxe6 Kxe6 41. Nd5 f5+ 42. Kd4 Kf7 43. Ke5 f4 44. Nc7 Be1 45. Nxa6 Bc3+ 46. Kf5 Bb2 47. Kxg5 Bxa3 48. Kxf4 Bc1+ 49. Kf5 Bh6 50. f4 Kg7 51. Nc7 Kf7 52. Nxb5 Kg7 53. Nd6 Kf8 54. b5 Ke7 55. Ne4 Kd7 56. Nc3 Kc7 57. h4 Kb6 58. h5 Kc5 59. Ke5 Kb6 60. Ke4 Kc5 61. f5 Kc4 62. b6 Bf8 63. Nd5 Kc5 64. Ke5 Bd6+ 65. Ke6 Bb8 66. f6 Bd6 67. f7 Kc6 68. h6 Bc5 69. h7 Bxb6 70. Nxb6 Kxb6 71. f8=Q 1-0

[Event "Junior Online 4NCL Division 5"]
[Site "online"]
[Date "2021.03.18"]
[EventDate "2021.03.18"]
[Round "5.74"]
[White "Cleanis, Theo"]
[WhiteElo "1225"]
[WhiteTeam "Desert Penguins Jupiter"]
[Black "Qiu, Winston"]
[BlackElo "1240"]
[BlackTeam "KCJS 3"]
[Result "0-1"]
[PlyCount "64"]

1. d4 c6 2. c4 Nf6 3. Nc3 e6 4. Nf3 d5 5. c5 Nbd7 6. e3 Be7 7. Be2 Qc7 8. O-O b6 9. cxb6 Nxb6 10. Bd2 Bb7 11. Qc2 O-O-O 12. Ne5 Bd6 13. Nf3 Ng4 14. g3 h5 15. Kg2 e5 16. dxe5 Nxe5 17. Nxe5 Bxe5 18. f4 Bd6 19. Rac1 h4 20. Bg4+ Kb8 21. Rfe1 hxg3 22. hxg3 c5 23. Kg1 Qc6 24. Re2 d4 25. exd4 Qh1+ 26. Kf2 Rh2+ 27. Ke3 cxd4+ 28. Kxd4 Bxf4+ 29. Kc5 Qc6+ 30. Kb4 Qc4+ 31. Ka3 Bd6+ 32. b4 Qxb4# 0-1

[Event "Junior Online 4NCL Division 5"]
[Site "online"]
[Date "2021.03.18"]
[EventDate "2021.03.18"]
[Round "5.75"]
[White "Tengayev, Arman"]
[WhiteElo "1405"]
[WhiteTeam "Desert Penguins Jupiter"]
[Black "Gupta, Aarav G"]
[BlackElo "1310"]
[BlackTeam "KCJS 3"]
[Result "0-1"]
[PlyCount "50"]

1. d4 d5 2. c4 e6 3. Nc3 Nf6 4. Bf4 Nc6 5. Nf3 Be7 6. e3 Bd7 7. cxd5 exd5 8. Bd3 Bg4 9. O-O h5 10. h3 Be6 11. Qc2 Qc8 12. Bb5 Bd7 13. Qb3 a6 14. Bd3 Be6 15. Ne5 Nxe5 16. Bxe5 c6 17. Qc2 h4 18. Ne2 Nh5 19. Nf4 Nxf4 20. Bxf4 g5 21. Be5 Rf8 22. Bg7 Rg8 23. Be5 Rf8 24. Bh7 f6 25. Bg6+ Kd8 0-1

[Event "Junior Online 4NCL Division 5"]
[Site "online"]
[Date "2021.03.18"]
[EventDate "2021.03.18"]
[Round "5.76"]
[White "Buanne, Giulio"]
[WhiteElo "1351"]
[WhiteTeam "KCJS 3"]
[Black "Quillaud, Maxime"]
[BlackElo "1308"]
[BlackTeam "Desert Penguins Jupiter"]
[Result "0-1"]
[PlyCount "90"]

1. e4 c5 2. Nf3 d6 3. Bb5+ Bd7 4. Bxd7+ Qxd7 5. O-O Nf6 6. Re1 e6 7. d3 Be7 8. c3 d5 9. Nbd2 O-O 10. b4 cxb4 11. cxb4 Bxb4 12. a3 Bc3 13. Rb1 Rd8 14. Bb2 d4 15. Ne5 Qd6 16. Nec4 Qd7 17. Ne5 Qc7 18. Bxc3 dxc3 19. Ndf3 c2 20. Qc1 Rc8 21. Rb2 Nbd7 22. d4 Nxe5 23. dxe5 Nd7 24. Re2 Nxe5 25. Nxe5 Qxe5 26. Rbxc2 Rxc2 27. Qxc2 g6 28. h3 Rd8 29. Re1 b6 30. Kh1 f5 31. f3 f4 32. Rd1 Rxd1+ 33. Qxd1 Qc7 34. Qb3 Kf7 35. Qb2 e5 36. Kh2 g5 37. Qb3+ Kf6 38. Qb4 Qe7 39. h4 Qxb4 40. axb4 h6 41. hxg5+ Kxg5 42. g3 h5 43. gxf4+ Kxf4 44. Kg2 a5 45. bxa5 bxa5 0-1

[Event "Junior Online 4NCL Division 5"]
[Site "online"]
[Date "2021.03.18"]
[EventDate "2021.03.18"]
[Round "5.77"]
[White "Dane, James"]
[WhiteElo "1232"]
[WhiteTeam "Desert Penguins Jupiter"]
[Black "Ali, Shahyan"]
[BlackElo "1335"]
[BlackTeam "KCJS 3"]
[Result "0-1"]
[PlyCount "95"]

1. d4 d5 2. c4 dxc4 3. e3 Nf6 4. Bxc4 Nc6 5. Nc3 Bf5 6. Nf3 e6 7. O-O Bg4 8. Be2 Bb4 9. Bd2 Bxc3 10. Bxc3 Ne4 11. Qb3 Qd5 12. Qxb7 O-O 13. Qxc7 Qd6 14. Qxd6 Nxd6 15. h3 Bh5 16. Rac1 Ne7 17. Bb4 Rfd8 18. e4 Nec8 19. Rc5 Bg6 20. e5 Nf5 21. Bc3 Nb6 22. Ra5 Nd5 23. Bd3 Nxd4 24. Bxg6 Nxf3+ 25. gxf3 hxg6 26. Bd4 a6 27. Kg2 Nf4+ 28. Kh2 Rxd4 29. Rc1 Rd2 30. Rc6 Rxb2 31. Rcxa6 Rxa6 32. Rxa6 Nd3 33. Kg3 Nxf2 34. Ra7 Nd3 35. Ra8+ Kh7 36. Ra7 Nxe5 37. a4 Rb3 38. a5 Rxf3+ 39. Kg2 Nc6 40. Ra8 Ra3 41. a6 e5 42. Kf2 f5 43. Ke2 f4 44. Kf2 e4 45. Ke2 f3+ 46. Kf2 Ra2+ 47. Ke3 f2 48. Kxe4 0-1